Top españoles con más seguidores - Estadísticas

Estadísticas generales
  • Esta prueba ha sido intentada 102 veces
  • La puntuación promedio es 10 de 50
Estadísticas de respuestas
Hint Respuesta % Correcto
61,5M Sergio Ramos
63%
28,1M Rosalía
54%
27,9M Ester Expósito
46%
22,8M Gerard Piqué
45%
20,3M Rafa Nadal
43%
9,9M Ibai Llanos
42%
18,1M El Rubius
40%
3,4M Lola Lolita
39%
20,5M Iker Casillas
36%
6,8M Penélope Cruz
36%
52,5M Georgina Rodríguez
34%
4,9M David Bisbal
32%
3,4M Dulceida
32%
3,1M Maria Pombo
29%
21,8M Úrsula Corberó
29%
3,4M Marta Díaz
27%
10M Xavi Alonso
27%
10,8M Pilar Rubio
25%
1,7M C Tangana
23%
1,5M David Bustamante
23%
7,4M Mario Casas
23%
1,9M Bad Gyal
18%
4,6M Miguel Ángel Silvestre
15%
12,7M Jaime Lorente
14%
10,5M Alba Flores
13%
2M Paula Gonu
13%
3,1M Cristina Pedroche
12%
1,9M Laura Escanes
12%
3,7M Paula Echevarría
12%
3,6M Sara Carbonero
12%
11M Manu Ríos
11%
1,4M Omar Montes
11%
1,6M Rocío Osorno
10%
2,3M Violeta Mangriñán
10%
2M Alex González
9%
5,6M Álvaro Rico
8%
1,7M Anabel Pantoja
8%
1,4M Dabiz Muñoz
8%
3,3M Abraham Mateo
7%
1,4M Julia Menu García
7%
1,9M Paco León
7%
2,3M Paz Padilla
7%
1,5M Risto Mejide
7%
1,4M Verdeliss
7%
2,5M Oriana Marzoli
5%
1,7M Gala González
4%
1,8M Jessica Goicoechea
4%
2,3M Alexandra Pereira
3%
4,5M Nachter
1%
1,4M Patry Jordan
1%
No se encontraron pruebas coincidentes
Distribución de puntuación
Porcentaje de gente con cada puntuación
Porcentaje por número respondido
Historial de tus puntuaciones
No has intentado esta prueba.